Digital image processing : PIKS inside

Spremljeno u:
Bibliografski detalji
Glavni autor: Pratt, William K.
Format: Knjiga
Jezik:Undetermined
Izdano: Daver, MA John Wiley & Sons 2001
Teme:
Oznake: Dodaj oznaku
Bez oznaka, Budi prvi tko označuje ovaj zapis!
Thư viện lưu trữ: Trung tâm Học liệu Trường Đại học Cần Thơ
LEADER 00508nam a2200193Ia 4500
001 CTU_70538
008 210402s9999 xx 000 0 und d
082 |a 006.6 
082 |b P917 
100 |a Pratt, William K. 
245 0 |a Digital image processing : 
245 0 |b PIKS inside 
245 0 |c William K. Pratt 
260 |a Daver, MA 
260 |b John Wiley & Sons 
260 |c 2001 
650 |a Digital image processing 
904 |i Minh 
980 |a Trung tâm Học liệu Trường Đại học Cần Thơ